| 000 | 00349nam a2200133 4500 | ||
|---|---|---|---|
| 005 | 20180313152315.0 | ||
| 008 | 180313b xxu||||| |||| 00| 0 eng d | ||
| 040 | _cLIRC | ||
| 082 |
_24th ed. _a621.395 MAN |
||
| 100 |
_9612 _aMano, M. Morris |
||
| 245 | _aDigital design (Acc. No. 2211-2229) | ||
| 260 |
_aNew Delhi _bPearson _c2008 |
||
| 942 |
_2ddc _cCD |
||
| 999 |
_c19339 _d19339 |
||